Paroles - Oiseaux - Django - Statistiques

Statistiques générales
  • Ce quiz a été pris 7 fois
  • Le résultat moyen est 177 sur 519
Statistiques - réponses
Réponses % Correct
de
100%
du
100%
tout
100%
Tout
100%
à
75%
Avec
75%
comme
75%
des
75%
désert
75%
J'ai
75%
j'ai
75%
j'avance
75%
je
75%
Je
75%
le
75%
me
75%
plus
75%
recul
75%
se
75%
te
75%
toi
75%
Traversée
75%
un
75%
Un
75%
absente
50%
conscience
50%
conscience,
50%
couleur
50%
dans
50%
d'un
50%
d'une
50%
En
50%
est
50%
fer
50%
J'arrive
50%
j'arrive
50%
j'prends
50%
la
50%
les
50%
Ma
50%
ma
50%
mais
50%
Mais
50%
mes
50%
Mets
50%
Oiseaux
50%
oiseaux
50%
piège
50%
Piégé
50%
sens
50%
seul
50%
Ta
50%
trône
50%
valet
50%
23
25%
Agent
25%
aztèque
25%
baiser
25%
bâtie
25%
bon
25%
bordel
25%
ce
25%
Ces
25%
Chiffre
25%
cœur
25%
Cooper
25%
cupide
25%
d'émotion,
25%
depuis
25%
devant
25%
dors
25%
Dr
25%
drôle
25%
Enfermé
25%
et
25%
Frangin,
25%
gradins
25%
Hobbit,
25%
Hold
25%
j'écoute
25%
jeune
25%
j'me
25%
J'me
25%
j'mène
25%
J'suis
25%
j'suis
25%
J'vois
25%
l'anneau
25%
L'homme
25%
l'piège
25%
l'verre
25%
maison
25%
mal
25%
m'as
25%
matrice,
25%
meuf
25%
m'incline
25%
mis
25%
mon
25%
ne
25%
nom
25%
nommé
25%
œil
25%
paraphrase
25%
parle
25%
Parlons
25%
pas
25%
Paul
25%
penser
25%
Peter
25%
peu
25%
pieds
25%
pleurer,
25%
présence
25%
primate
25%
prison
25%
que
25%
qu'un
25%
rappeurs
25%
rêves
25%
sac
25%
sandtrooper
25%
Senseï,
25%
sont
25%
sous
25%
tapis
25%
T'as
25%
teintée
25%
temps
25%
thaï
25%
t'invite
25%
tour
25%
très
25%
Tu
25%
tu
25%
une
25%
up
25%
venu
25%
victoire
25%
vie
25%
vrai
25%
ami
0%
amoureux
0%
aura
0%
balles
0%
Bates
0%
Billy
0%
Bipolarité
0%
blanc
0%
bloque
0%
brutalement
0%
bullet
0%
Carrey,
0%
carte
0%
cartomancienne
0%
catharsis
0%
c'est
0%
château
0%
cigarette
0%
comprends
0%
conneries
0%
convient
0%
côté
0%
coup
0%
croix
0%
Cronenberg
0%
d'alcool
0%
d'Alfred
0%
d'attaque
0%
d'elle
0%
dessus
0%
d'état
0%
deux
0%
développé
0%
deviens
0%
dire
0%
disparais
0%
d'mon
0%
doigts
0%
Doraemon
0%
d'tête
0%
d'vues
0%
envie
0%
eunuque
0%
Évidemment
0%
Faiblesse
0%
Fais
0%
Falcon
0%
fosse
0%
front
0%
histoire
0%
Hitchcock
0%
j'adore
0%
J'aime
0%
j'aime
0%
J'apporte
0%
Jason
0%
J'connais
0%
j'connais
0%
J'évolue
0%
j'excelle
0%
J'fais
0%
Jim
0%
J'mets
0%
jour
0%
J'pourrais
0%
j'te
0%
J'tombe
0%
j'transfert
0%
Kaïoken
0%
Kakashi
0%
Kubrick
0%
L'amatrice
0%
l'ciel
0%
l'ennui
0%
L'équilibre
0%
leurs
0%
l'image
0%
limpidité
0%
l'instant
0%
l'iPhone
0%
l'meilleur
0%
Macbeth
0%
maintenu
0%
Malcolm
0%
Manhattan
0%
m'apaise
0%
masque
0%
Migraine,
0%
mort
0%
morte
0%
Mortensen
0%
motel
0%
n'attend
0%
n'est
0%
nombre
0%
Norman
0%
objectifs
0%
paire
0%
pardonnes
0%
peine
0%
Peur
0%
plaît
0%
points
0%
pose
0%
poulet
0%
pour
0%
prévenir
0%
Primale
0%
prose
0%
qu'elle
0%
qu'une
0%
rétine
0%
roi
0%
Rorschach
0%
saigne
0%
sans
0%
seins,
0%
Si
0%
simulée
0%
Stanley
0%
Statham
0%
suis
0%
sur
0%
t'aime
0%
tait
0%
t'assomme
0%
t'aurais
0%
taux
0%
techniques
0%
Tenshinhan
0%
terre,
0%
T'es
0%
t'es
0%
time
0%
tire
0%
tomber
0%
tort
0%
tous
0%
Tous
0%
trous
0%
tuer
0%
vertiges
0%
vertus
0%
vide
0%
Viggo
0%
violence,
0%
visuel,
0%
vraiment
0%
vu
0%
yeah
0%
zen
0%
Aucun quiz correspondant
Distribution des résultats
% des personnes avec chaque résultat
Percentile par nombre de réponses
Votre historique - résultats
Vous n’avez pas pris ce quiz